[Event "TUR-chT Superleague 2018"]
[Site "Ankara"]
[Date "2018.08.05"]
[Round "13"]
[White "Uysal, Burak"]
[Black "Ozoglu, Berker"]
[Result "1-0"]
[WhiteElo "2187"]
[BlackElo "1843"]
[Annotator "NA"]
[PlyCount "139"]
[EventDate "2018.07.25"]
[EventType "team-tourn"]
[EventCountry "TUR"]
[SourceTitle "playchess.com"]
[Source "ChessBase"]
[SourceQuality "1"]

1. e4 d6 2. d4 g6 3. Bc4 Bg7 4. Nf3 Nf6 5. Qe2 O-O 6. e5 Ne8 7. O-O c5 8. dxc5 dxe5 9. Nxe5 Qd4 10. Nf3 Qxc5 11. h3 Nc6 12. Nc3 Nd6 13. Bb3 Nf5 14. Qb5 Qxb5 15. Nxb5 Bd7 16. g4 a6 17. Nc7 Rac8 18. Nd5 Nfd4 19. Nxd4 Bxd4 20. Rd1 Be6 21. Nxe7+ Nxe7 22. Rxd4 Bxb3 23. cxb3 Nc6 24. Rd7 Rfd8 25. Rxd8+ Rxd8 26. Bf4 f5 27. Re1 fxg4 28. hxg4 Rd4 29. Bg3 Rxg4 30. Re8+ Kf7 31. Rc8 Re4 32. Bd6 Ke6 33. Bc5 Kd5 34. Bf8 Rf4 35. Bh6 Rf7 36. Be3 Ke4 37. b4 Kd3 38. Bc5 Kc4 39. Bf8 Kb5 40. a3 Ka4 41. Bc5 Kb3 42. Kg2 Kxb2 43. a4 Nxb4 44. Bxb4 Kb3 45. Bd2 Kxa4 46. Rc4+ Kb5 47. Rb4+ Kc5 48. Ra4 Rd7 49. Ra2 Kc4 50. Be3 Rd6 51. Rc2+ Kb3 52. Rc7 b5 53. Rxh7 a5 54. Rb7 Rd5 55. Kf3 a4 56. Ke4 Rh5 57. Bd4 a3 58. Ra7 b4 59. Bf6 Ka2 60. Ra4 Kb3 61. Ra6 Rb5 62. Kd3 Rb7 63. Bd4 g5 64. Ra5 g4 65. Rg5 Rd7 66. Rxg4 Ka2 67. Rg1 Rxd4+ 68. Kxd4 b3 69. Kc3 b2 70. Kb4 1-0

[Event "TUR-chT Superleague 2018"]
[Site "Ankara"]
[Date "2018.08.05"]
[Round "13"]
[White "Gunduz, Umut Erdem"]
[Black "Unat, Can Haktan"]
[Result "0-1"]
[WhiteElo "2174"]
[BlackElo "2159"]
[Annotator "NA"]
[PlyCount "66"]
[EventDate "2018.07.25"]
[EventType "team-tourn"]
[EventCountry "TUR"]
[SourceTitle "playchess.com"]
[Source "ChessBase"]
[SourceQuality "1"]

1. e4 c5 2. Nc3 e6 3. g3 d5 4. exd5 exd5 5. Bg2 Nf6 6. d3 Be7 7. Nge2 O-O 8. O-O d4 9. Ne4 Nbd7 10. Nxf6+ Nxf6 11. Nf4 Rb8 12. Nh5 b5 13. Nxf6+ Bxf6 14. a4 b4 15. Bf4 Rb6 16. Qh5 Qe7 17. Rfe1 Re6 18. Rxe6 Bxe6 19. Re1 g6 20. Qf3 Qd7 21. Bd6 Qxd6 22. Qxf6 b3 23. cxb3 Qb6 24. Re5 Bxb3 25. Qxb6 axb6 26. a5 f6 27. Rd5 Re8 28. f4 Bxd5 29. Bxd5+ Kf8 30. a6 Re1+ 31. Kf2 Ra1 32. Bc4 Ra5 33. b3 b5 0-1

[Event "TUR-chT Superleague 2018"]
[Site "Ankara"]
[Date "2018.08.05"]
[Round "13"]
[White "Oksuz, Akin"]
[Black "Ozen, Bahadir"]
[Result "1/2-1/2"]
[WhiteElo "2167"]
[BlackElo "2302"]
[Annotator "NA"]
[PlyCount "62"]
[EventDate "2018.07.25"]
[EventType "team-tourn"]
[EventCountry "TUR"]
[SourceTitle "playchess.com"]
[Source "ChessBase"]
[SourceQuality "1"]

1. d4 d5 2. c4 e6 3. Nc3 Nf6 4. cxd5 exd5 5. Bg5 Be7 6. e3 O-O 7. Bd3 c5 8. dxc5 Nbd7 9. b4 a5 10. a3 axb4 11. axb4 Rxa1 12. Qxa1 b6 13. Nge2 bxc5 14. bxc5 Nxc5 15. Bc2 Ne6 16. Bxf6 Bxf6 17. O-O Qc7 18. Rc1 Qe5 19. Rd1 Rd8 20. Qa5 d4 21. Qxe5 Bxe5 22. exd4 Nxd4 23. Nxd4 Bxd4 24. Nb5 Bf6 25. Rxd8+ Bxd8 26. Nd6 Be6 27. Bf5 Bd5 28. Be4 Bb3 29. Bd3 Be7 30. Bc4 Bxd6 31. Bxb3 g6 1/2-1/2

[Event "TUR-chT Superleague 2018"]
[Site "Ankara"]
[Date "2018.08.05"]
[Round "13"]
[White "Karagollu, Ahmet"]
[Black "Korkmaz, Necmettin"]
[Result "1-0"]
[WhiteElo "2127"]
[BlackElo "2056"]
[Annotator "NA"]
[PlyCount "135"]
[EventDate "2018.07.25"]
[EventType "team-tourn"]
[EventCountry "TUR"]
[SourceTitle "playchess.com"]
[Source "ChessBase"]
[SourceQuality "1"]

1. e4 e6 2. Qe2 c5 3. Nf3 Nc6 4. g3 g6 5. Bg2 Bg7 6. O-O Nge7 7. d3 d5 8. e5 Qc7 9. Re1 h6 10. h4 b6 11. c3 Ba6 12. a4 Bb7 13. Na3 a6 14. Rb1 O-O 15. Bf4 Rac8 16. Nc2 Kh7 17. Qd2 Qd7 18. Ne3 Rfd8 19. Ng4 Ng8 20. Kh2 d4 21. c4 Nb4 22. b3 Bxf3 23. Bxf3 h5 24. Nf6+ Nxf6 25. exf6 Bxf6 26. Bg5 Bxg5 27. hxg5 Qd6 28. Re4 e5 29. Rbe1 Re8 30. Qe2 Rc7 31. Rh4 Kg7 32. Be4 Rh8 33. Kg2 Re7 34. Reh1 Ree8 35. g4 hxg4 36. Qxg4 Rxh4 37. Qxh4 Kf8 38. Rh3 Nc6 39. Rf3 Nd8 40. Bd5 Ke7 41. Rf6 Qc7 42. Bxf7 Rf8 43. Bd5 Rxf6 44. gxf6+ Kd6 45. Qg4 Qh7 46. Qc8 Qh8 47. Qb8+ Kd7 48. Qa7+ Kc8 49. Bb7+ Kd7 50. Bf3+ Ke6 51. Qe7+ Kf5 52. f7 Nxf7 53. Qxf7+ Kg5 54. Be4 Qh5 55. Qe7+ Kh6 56. Qf8+ Kh7 57. Qf7+ Kh6 58. Qf8+ Kh7 59. Qe7+ Kh6 60. Kg3 Qd1 61. Qf8+ Kh7 62. Qf7+ Kh8 63. Qf6+ Kg8 64. Qxg6+ Kf8 65. Qf6+ Kg8 66. Qg5+ Kf8 67. Qf5+ Kg8 68. Qg4+ 1-0

[Event "TUR-chT Superleague 2018"]
[Site "Ankara"]
[Date "2018.08.05"]
[Round "13"]
[White "Bolat, Ahmet"]
[Black "Can, Emre"]
[Result "0-1"]
[WhiteElo "2124"]
[BlackElo "2605"]
[Annotator "TA"]
[PlyCount "102"]
[EventDate "2018.07.25"]
[EventType "team-tourn"]
[EventCountry "TUR"]
[SourceTitle "playchess.com"]
[Source "ChessBase"]
[SourceQuality "1"]

1. e4 c5 2. Nf3 e6 3. d4 cxd4 4. Nxd4 Nc6 5. Nxc6 bxc6 6. Bd3 Nf6 7. O-O d5 8. Nd2 Be7 9. Qe2 O-O 10. c4 a5 11. b3 a4 12. Bb2 Qb6 13. e5 Nd7 14. Qh5 g6 15. Qh6 a3 16. Bc3 d4 17. c5 Qxc5 18. Ne4 Qxe5 19. Bd2 Rd8 20. Rac1 Ba6 21. Bxa6 Rxa6 22. Rfe1 Qg7 23. Qh3 c5 24. Qd3 Raa8 25. Qb5 Rab8 26. Qc6 Qf8 27. Bg5 Bxg5 28. Nxg5 Qe7 29. f4 Rbc8 30. Qa6 Ra8 31. Qb5 Qd6 32. g3 Qa6 33. Qxa6 Rxa6 34. Ne4 Rc8 35. b4 c4 36. Nc5 Nxc5 37. Rxc4 Rac6 38. Rec1 d3 39. bxc5 d2 40. Rd1 Rxc5 41. Rxc5 Rxc5 42. Rxd2 Rb5 43. Kf2 Rb2 44. Ke3 f6 45. Kd3 Rxd2+ 46. Kxd2 e5 47. fxe5 fxe5 48. Kc3 Kf7 49. Kb3 e4 50. Kc4 Kf6 51. Kd4 Kf5 0-1

[Event "TUR-chT Superleague 2018"]
[Site "Ankara"]
[Date "2018.08.05"]
[Round "13"]
[White "Caglar, Ahmet Ata"]
[Black "Kilic, Efe Mert"]
[Result "1/2-1/2"]
[WhiteElo "2076"]
[BlackElo "2317"]
[Annotator "NA"]
[PlyCount "160"]
[EventDate "2018.07.25"]
[EventType "team-tourn"]
[EventCountry "TUR"]
[SourceTitle "playchess.com"]
[Source "ChessBase"]
[SourceQuality "1"]

1. d4 Nf6 2. c4 e6 3. Nf3 b6 4. g3 Bb4+ 5. Bd2 Qe7 6. Bg2 Bb7 7. O-O Bxd2 8. Nbxd2 d6 9. Qc2 c5 10. e4 cxd4 11. Nxd4 O-O 12. f4 Qc7 13. b4 a6 14. c5 dxc5 15. bxc5 Nc6 16. N4b3 Rac8 17. cxb6 Qxb6+ 18. Qc5 Qc7 19. Nc4 e5 20. Nd6 Rb8 21. Nxb7 Qxb7 22. Rac1 Nb4 23. Na5 Qa8 24. Rb1 Rb5 25. Qf2 Ng4 26. Qe2 Qa7+ 27. Kh1 Ne3 28. Rfc1 exf4 29. gxf4 Nxg2 30. Qxg2 Nd3 31. Rxb5 axb5 32. Nc6 Qe3 33. Rf1 Re8 34. e5 Qc5 35. Qf3 Nxf4 36. Na5 Qd5 37. Qxd5 Nxd5 38. Rc1 Nb4 39. a3 Nd3 40. Rc7 g5 41. Rb7 Rxe5 42. Nc6 Rc5 43. Nd4 Rd5 44. Nxb5 Nc5 45. Rc7 Na4 46. Ra7 Rxb5 47. Rxa4 h5 48. Ra7 h4 49. h3 f5 50. a4 Rb1+ 51. Kg2 Rb2+ 52. Kg1 Rb3 53. Kg2 Rb2+ 54. Kg1 Rb3 55. Kg2 Rg3+ 56. Kh2 g4 57. hxg4 fxg4 58. Ra5 Kg7 59. Rh5 Rh3+ 60. Kg2 Kg6 61. Rh8 Rg3+ 62. Kh2 Kg5 63. Rg8+ Kf4 64. Rf8+ Ke3 65. a5 Rf3 66. Rxf3+ gxf3 67. a6 f2 68. a7 f1=Q 69. a8=Q Qf2+ 70. Kh1 Qe1+ 71. Kh2 Qg3+ 72. Kh1 Qh3+ 73. Kg1 Qg4+ 74. Kh1 Qd1+ 75. Kh2 Qd6+ 76. Kh1 Qd1+ 77. Kh2 Qd4 78. Qe8+ Kd2 79. Qg6 Qf4+ 80. Kh3 Qg3+ 1/2-1/2

[Event "TUR-chT Superleague 2018"]
[Site "Ankara"]
[Date "2018.08.05"]
[Round "13"]
[White "Erdogan, Anil Berk"]
[Black "Selbes, Tarik"]
[Result "1/2-1/2"]
[WhiteElo "2055"]
[BlackElo "2330"]
[Annotator "NA"]
[PlyCount "142"]
[EventDate "2018.07.25"]
[EventType "team-tourn"]
[EventCountry "TUR"]
[SourceTitle "playchess.com"]
[Source "ChessBase"]
[SourceQuality "1"]

1. e4 e5 2. Nf3 Nc6 3. d4 exd4 4. Nxd4 Bc5 5. Nb3 Bb6 6. Nc3 Nf6 7. Qe2 d6 8. Be3 O-O 9. O-O-O Re8 10. f3 Be6 11. Bxb6 axb6 12. Qf2 Nd7 13. Kb1 Nc5 14. Nd4 Nxd4 15. Qxd4 Qg5 16. h4 Qe5 17. a3 Red8 18. Qxe5 dxe5 19. Nd5 c6 20. Ne3 Rxd1+ 21. Nxd1 Rd8 22. Ne3 b5 23. Be2 g6 24. g4 f6 25. Rd1 Rxd1+ 26. Bxd1 Bf7 27. Be2 Ne6 28. Kc1 Nf4 29. Bf1 h5 30. Ng2 g5 31. Nxf4 exf4 32. hxg5 fxg5 33. gxh5 Bxh5 34. Be2 Kf7 35. Kd2 Ke6 36. b4 Ke5 37. c3 Bg6 38. Bd3 Bf7 39. Ke2 Be6 40. Kf2 g4 41. fxg4 Bxg4 42. Bc2 Bh5 43. Kg2 b6 44. Kf2 c5 45. Kg2 c4 46. Kf2 Bg4 47. Kg2 Be2 48. Kf2 Bd3 49. Bd1 Bxe4 50. Bh5 Bc6 51. Bd1 Kf5 52. Bh5 Kg5 53. Bd1 Be4 54. Be2 Kf5 55. Bd1 Ke5 56. Bh5 Bc6 57. Bd1 Kf6 58. Be2 Kg5 59. Bd1 Kh4 60. Be2 Kh3 61. Bh5 Kh4 62. Be2 Bb7 63. Bd1 Kg5 64. Be2 Ba8 65. Bd1 Kf5 66. Bh5 Bd5 67. Bd1 Ke5 68. Bh5 Be6 69. Bd1 Bf5 70. Bf3 Be4 71. Bh5 Bc6 1/2-1/2

[Event "TUR-chT Superleague 2018"]
[Site "Ankara"]
[Date "2018.08.05"]
[Round "13"]
[White "Kitir, Ahmet"]
[Black "Kara, Yanki"]
[Result "0-1"]
[WhiteElo "2020"]
[BlackElo "2270"]
[Annotator "NA"]
[PlyCount "112"]
[EventDate "2018.07.25"]
[EventType "team-tourn"]
[EventCountry "TUR"]
[SourceTitle "playchess.com"]
[Source "ChessBase"]
[SourceQuality "1"]

1. Nf3 g6 2. d4 Bg7 3. g3 d6 4. Bg2 Nf6 5. O-O O-O 6. c4 c6 7. Nc3 Bf5 8. Re1 Ne4 9. Nd2 Nxc3 10. bxc3 Na6 11. Qb3 Rb8 12. a4 c5 13. Bb2 Qa5 14. Qb5 Qc7 15. e3 Rfe8 16. Qb3 e5 17. dxe5 dxe5 18. e4 Be6 19. Nf1 Rbc8 20. Rad1 Nb8 21. Ne3 Nc6 22. Nd5 Qb8 23. Bc1 Na5 24. Qa2 b6 25. f4 exf4 26. Bxf4 Qb7 27. e5 Qa6 28. Bf1 h6 29. h4 Bg4 30. Rd2 Nc6 31. Rf2 h5 32. Bd3 Qb7 33. Qc2 Nxe5 34. Bxe5 Rxe5 35. Ref1 f5 36. Qd2 Rce8 37. Qg5 Qf7 38. Qd2 Kh7 39. Kh2 Bh6 40. Qa2 Rf8 41. a5 g5 42. axb6 axb6 43. Qb1 gxh4 44. gxh4 Kg7 45. Qxb6 Rxd5 46. cxd5 Qxd5 47. Qa6 Qd8 48. Bc4 Qxh4+ 49. Kg1 Be3 50. Qb7+ Kh6 51. Qc6+ Rf6 52. Qg2 Bf3 53. Qxf3 Rg6+ 54. Qg2 Bxf2+ 55. Rxf2 Rxg2+ 56. Kxg2 Qg4+ 0-1

[Event "TUR-chT Superleague 2018"]
[Site "Ankara"]
[Date "2018.08.05"]
[Round "13"]
[White "Gulden, Egemen"]
[Black "Yildirim, Ibrahim Halil"]
[Result "1-0"]
[WhiteElo "2003"]
[BlackElo "1783"]
[Annotator "NA"]
[PlyCount "101"]
[EventDate "2018.07.25"]
[EventType "team-tourn"]
[EventCountry "TUR"]
[SourceTitle "playchess.com"]
[Source "ChessBase"]
[SourceQuality "1"]

1. e4 e5 2. Nc3 Nf6 3. Nf3 Nc6 4. d4 exd4 5. Nxd4 Bb4 6. Nxc6 bxc6 7. Bd3 d5 8. exd5 cxd5 9. O-O O-O 10. Bg5 c6 11. Qf3 Be7 12. Rae1 Be6 13. h3 Re8 14. Ne2 Nd7 15. Bxe7 Qxe7 16. Qg3 Nf8 17. f4 Qc5+ 18. Kh2 Bd7 19. f5 Re3 20. Qf4 f6 21. Nd4 Rxe1 22. Rxe1 Re8 23. Nb3 Qb6 24. Rxe8 Bxe8 25. c4 Qb4 26. Qd4 Bf7 27. c5 Qb8+ 28. Kh1 Qe5 29. Qxe5 fxe5 30. Na5 e4 31. Bc2 Nd7 32. Nxc6 Nxc5 33. b4 Nb7 34. Nxa7 Nd6 35. Nc6 Nxf5 36. g4 Ne3 37. Bb3 Nc4 38. Kg1 Nd2 39. Bxd5 e3 40. Bxf7+ Kxf7 41. Nd4 Kf6 42. Nc2 Nc4 43. Kg2 Kg5 44. Kf3 h5 45. Nxe3 hxg4+ 46. hxg4 Nd2+ 47. Ke2 Ne4 48. Kd3 Kf4 49. a4 Ke5 50. a5 Nd6 51. Nc4+ 1-0

[Event "TUR-chT Superleague 2018"]
[Site "Ankara"]
[Date "2018.08.05"]
[Round "13"]
[White "Cansun, Can Alp"]
[Black "Tarlabasi, Emirhan"]
[Result "0-1"]
[WhiteElo "1990"]
[BlackElo "2174"]
[Annotator "NA"]
[PlyCount "84"]
[EventDate "2018.07.25"]
[EventType "team-tourn"]
[EventCountry "TUR"]
[SourceTitle "playchess.com"]
[Source "ChessBase"]
[SourceQuality "1"]

1. e4 e6 2. d4 d5 3. Nd2 Be7 4. Bd3 c5 5. dxc5 Nf6 6. Qe2 O-O 7. Ngf3 a5 8. a4 Na6 9. Nb3 h6 10. O-O Nxc5 11. Nxc5 Bxc5 12. e5 Nd7 13. c4 dxc4 14. Bxc4 b6 15. Rd1 Bb7 16. Bb5 Bd5 17. Bf4 Ra7 18. Bg3 Qa8 19. Rxd5 exd5 20. e6 Nf6 21. exf7+ Raxf7 22. Ne5 Re7 23. Qd3 Bxf2+ 24. Kxf2 Ng4+ 25. Kg1 Nxe5 26. Qd4 Rf5 27. Qxb6 Qa7 28. Qxa7 Rxa7 29. Re1 Ng6 30. Re8+ Rf8 31. Re6 Nf4 32. Rd6 Rc7 33. Bxf4 Rxf4 34. Bc6 d4 35. g3 Rf6 36. Rd8+ Kf7 37. Be4 Rb6 38. Kg2 Rxb2+ 39. Kh3 Rb4 40. Bd5+ Ke7 41. Rg8 Kd6 42. Rd8+ Rd7 0-1

[Event "TUR-chT Superleague 2018"]
[Site "Ankara"]
[Date "2018.08.05"]
[Round "13"]
[White "Celik, Eda"]
[Black "Erece, Ece Alkim"]
[Result "1/2-1/2"]
[WhiteElo "1976"]
[BlackElo "1788"]
[Annotator "NA"]
[PlyCount "73"]
[EventDate "2018.07.25"]
[EventType "team-tourn"]
[EventCountry "TUR"]
[SourceTitle "playchess.com"]
[Source "ChessBase"]
[SourceQuality "1"]

1. e4 c5 2. Nf3 g6 3. d4 cxd4 4. Nxd4 Bg7 5. c4 Nc6 6. Be3 Nf6 7. Nc3 O-O 8. Be2 d6 9. O-O Nxd4 10. Bxd4 Bd7 11. Qd2 a5 12. Bd3 Bc6 13. Rae1 Nd7 14. Bxg7 Kxg7 15. Re3 h6 16. Rh3 Rh8 17. f4 Rc8 18. Kh1 Nc5 19. f5 g5 20. Bc2 f6 21. Nd5 Bxd5 22. exd5 Nd7 23. b3 Ne5 24. Bd1 Qb6 25. Re1 Qb4 26. Qe2 Ra8 27. Re3 Rac8 28. a3 Qc5 29. Qh5 Rcg8 30. Bc2 Qc8 31. Bd3 Qe8 32. Be2 Qxh5 33. Bxh5 Rc8 34. Be2 Rc7 35. Kg1 b6 36. Rb1 Ra8 37. a4 1/2-1/2

[Event "TUR-chT Superleague 2018"]
[Site "Ankara"]
[Date "2018.08.05"]
[Round "13"]
[White "Ayan, Bengu Sena"]
[Black "Ozbay, Ece"]
[Result "1-0"]
[WhiteElo "1894"]
[BlackElo "2140"]
[Annotator "NA"]
[PlyCount "71"]
[EventDate "2018.07.25"]
[EventType "team-tourn"]
[EventCountry "TUR"]
[SourceTitle "playchess.com"]
[Source "ChessBase"]
[SourceQuality "1"]

1. d4 d5 2. c4 c6 3. Nf3 Nf6 4. e3 Bf5 5. Nc3 e6 6. Nh4 Be4 7. f3 Bg6 8. Qb3 Qb6 9. Nxg6 hxg6 10. Bd2 Bd6 11. f4 dxc4 12. Bxc4 Nbd7 13. O-O-O Qc7 14. Kb1 b5 15. Bd3 Qb6 16. h3 a5 17. e4 a4 18. Qc2 Be7 19. f5 b4 20. Nxa4 Qxd4 21. fxe6 Ne5 22. Bc1 Nxd3 23. Rxd3 Qxe4 24. Re1 Qxe1 25. Qxc6+ Kf8 26. Qxa8+ Ne8 27. Re3 Qd1 28. exf7 Kxf7 29. Qb7 Qd6 30. Nb6 Nf6 31. Nc8 Rxc8 32. Qxc8 Nd5 33. Qc4 Bf6 34. Rd3 Ke6 35. Qg4+ Kf7 36. Qe4 1-0

[Event "TUR-chT Superleague 2018"]
[Site "Ankara"]
[Date "2018.08.05"]
[Round "13"]
[White "Can, Isil"]
[Black "Onur, Cigdem"]
[Result "0-1"]
[WhiteElo "1862"]
[BlackElo "1750"]
[Annotator "NA"]
[PlyCount "48"]
[EventDate "2018.07.25"]
[EventType "team-tourn"]
[EventCountry "TUR"]
[SourceTitle "playchess.com"]
[Source "ChessBase"]
[SourceQuality "1"]

1. e4 c5 2. Nf3 Nc6 3. d4 cxd4 4. Nxd4 Nf6 5. Nc3 e5 6. Ndb5 d6 7. Bg5 a6 8. Na3 b5 9. Bxf6 gxf6 10. Nd5 f5 11. Bd3 Be6 12. O-O Bg7 13. Qh5 h6 14. c4 bxc4 15. Nxc4 O-O 16. Ncb6 fxe4 17. Bxe4 Rb8 18. Nc4 f5 19. Qg6 Nd4 20. Rfd1 fxe4 21. Rxd4 Bf5 22. Qxd6 exd4 23. Ne7+ Kh8 24. Nxf5 Rxf5 0-1

[Event "TUR-chT Superleague 2018"]
[Site "Ankara"]
[Date "2018.08.05"]
[Round "13"]
[White "Sahin, Hayrun Nisa"]
[Black "Keskin, Elif"]
[Result "0-1"]
[WhiteElo "1752"]
[BlackElo "1775"]
[Annotator "NA"]
[PlyCount "52"]
[EventDate "2018.07.25"]
[EventType "team-tourn"]
[EventCountry "TUR"]
[SourceTitle "playchess.com"]
[Source "ChessBase"]
[SourceQuality "1"]

1. e4 c5 2. Nf3 g6 3. d4 cxd4 4. Qxd4 Nf6 5. e5 Nc6 6. Qa4 Nd5 7. Qe4 Nb6 8. Bf4 Bg7 9. Nc3 d5 10. exd6 Bf5 11. Qe3 O-O 12. O-O-O exd6 13. Rxd6 Qc8 14. Bh6 Re8 15. Qd2 Bh8 16. Bb5 a6 17. Bxc6 bxc6 18. b3 Nd5 19. Na4 Qc7 20. Bf4 Nxf4 21. Qxf4 Be5 22. Nxe5 Qxd6 23. Nd3 Qa3+ 24. Kd2 Rad8 25. Rc1 Qxa2 26. Nc3 Rxd3# 0-1

[Event "TUR-chT Superleague 2018"]
[Site "Ankara"]
[Date "2018.08.05"]
[Round "13"]
[White "Yorgun, Yaren Naz"]
[Black "Ozbek, Busra"]
[Result "1-0"]
[WhiteElo "1725"]
[BlackElo "1848"]
[Annotator "NA"]
[PlyCount "153"]
[EventDate "2018.07.25"]
[EventType "team-tourn"]
[EventCountry "TUR"]
[SourceTitle "playchess.com"]
[Source "ChessBase"]
[SourceQuality "1"]

1. e4 d6 2. d4 Nf6 3. Nc3 g6 4. g3 Bg7 5. Bg2 c6 6. Nge2 O-O 7. a4 a5 8. h3 Qc7 9. O-O Na6 10. Be3 e5 11. Qd2 Nb4 12. f4 Be6 13. Kh2 Bc4 14. b3 Ba6 15. Rf2 Rad8 16. Na2 Nxa2 17. Rxa2 d5 18. fxe5 Nxe4 19. Bxe4 dxe4 20. Qe1 f6 21. exf6 Rxf6 22. Rxf6 Bxf6 23. c3 Qe7 24. Nf4 Qe8 25. Ng2 g5 26. Rf2 Qe6 27. Qc1 h6 28. Qb2 b6 29. g4 Qd6+ 30. Kg1 Kg7 31. Qc1 Qg3 32. Qd1 Qxh3 33. c4 Bc8 34. Qf1 Rf8 35. d5 c5 36. Bc1 Kg6 37. Nf4+ gxf4 38. Qxh3 Bd4 39. Qh5+ Kh7 40. Kf1 Bxf2 41. Kxf2 e3+ 42. Bxe3 fxe3+ 43. Kxe3 Rg8 44. Kf3 Bd7 45. Qf7+ Rg7 46. Qf4 Bc8 47. Qe4+ Rg6 48. Kg3 Kg7 49. Kh4 Rg5 50. Qe7+ Kg6 51. Qe8+ Kf6 52. Qxc8 Ke5 53. Qe6+ Kd4 54. Qxh6 Rg8 55. Qxb6 Rh8+ 56. Kg3 Re8 57. d6 Re3+ 58. Kh4 Rd3 59. d7 Kc3 60. d8=Q Rxd8 61. Qxd8 Kxb3 62. Qxa5 Kxc4 63. Qb5+ Kd4 64. a5 c4 65. Qxc4+ Kxc4 66. a6 Kb5 67. a7 Kc4 68. a8=Q Kd4 69. Qe8 Kd5 70. g5 Kd4 71. g6 Kd5 72. g7 Kd4 73. g8=Q Kd3 74. Qd5+ Kc3 75. Qc8+ Kb4 76. Qdb7+ Ka5 77. Qca8# 1-0

[Event "TUR-chT Superleague 2018"]
[Site "Ankara"]
[Date "2018.08.05"]
[Round "13"]
[White "Ozcan, Kaan"]
[Black "Kamer, Kayra"]
[Result "0-1"]
[WhiteElo "1523"]
[BlackElo "2208"]
[Annotator "NA"]
[PlyCount "58"]
[EventDate "2018.07.25"]
[EventType "team-tourn"]
[EventCountry "TUR"]
[SourceTitle "playchess.com"]
[Source "ChessBase"]
[SourceQuality "1"]

1. c4 g6 2. d4 Nf6 3. Nc3 Bg7 4. e4 d6 5. f3 O-O 6. Bg5 c5 7. d5 a6 8. Qd2 Nbd7 9. h4 Qa5 10. Bh6 Ne5 11. Bxg7 Kxg7 12. g4 Bd7 13. h5 b5 14. cxb5 axb5 15. hxg6 fxg6 16. Qh6+ Kg8 17. Be2 b4 18. Nd1 c4 19. Qd2 Rac8 20. Qc2 Ba4 21. Qc1 c3 22. b3 Bb5 23. Qe3 c2 24. Nb2 Rc3 25. Qc1 Bxe2 26. Kxe2 Qb5+ 27. Kd2 Nxe4+ 28. Ke1 Rfxf3 29. Nc4 Nd3+ 0-1